[Event "Pombal op 13th"]
[Site "Pombal"]
[Date "2022.10.05"]
[Round "3"]
[White "Khamrakulov, Ibragim S"]
[Black "Peixoto, Helio Ricardo Souti"]
[Result "1-0"]
[WhiteElo "2421"]
[BlackElo "1969"]
[PlyCount "63"]
[EventDate "2022.09.28"]
[EventType "swiss"]
[EventRounds "9"]
[EventCountry "POR"]
[SourceTitle "EXT 2024"]
[Source "ChessBase"]
[SourceDate "2023.10.10"]
[SourceVersion "1"]
[SourceVersionDate "2023.10.10"]
[SourceQuality "1"]

1. e4 c5 2. c3 d5 3. exd5 Qxd5 4. d4 Nc6 5. dxc5 Qxd1+ 6. Kxd1 Nf6 7. Nf3 g6 8. Bb5 Bd7 9. Nbd2 Bg7 10. Ke2 0-0 11. Rd1 Rfd8 12. Nc4 Ne4 13. Be3 Be6 14. Ncd2 Nf6 15. Nd4 Bd5 16. f3 e5 17. Nxc6 bxc6 18. Ba4 Rab8 19. b4 Rbc8 20. Kf2 Be6 21. Ne4 Nd5 22. Bxc6 Rxc6 23. c4 Ra6 24. cxd5 Rxd5 25. Rxd5 Bxd5 26. Rd1 Rxa2+ 27. Kg3 f5 28. Rxd5 f4+ 29. Bxf4 exf4+ 30. Kxf4 Rb2 31. c6 Rxb4 32. c7 1-0

[Event "Florianopolis op 4th"]
[Site "Florianopolis"]
[Date "2018.01.22"]
[Round "6"]
[White "Lopes, Leonardo Borges"]
[Black "Peixoto, Helio Ricardo Souti"]
[Result "0-1"]
[WhiteElo "1302"]
[BlackElo "1955"]
[PlyCount "54"]
[EventDate "2018.01.19"]
[EventType "swiss"]
[EventRounds "10"]
[EventCountry "BRA"]
[SourceTitle "EXT 2019"]
[Source "ChessBase"]
[SourceDate "2018.10.10"]
[SourceVersion "1"]
[SourceVersionDate "2018.10.10"]
[SourceQuality "1"]

1. d4 Nf6 2. c4 c5 3. Nf3 e6 4. Nc3 Nc6 5. Bg5 cxd4 6. Nxd4 Bb4 7. a3 Bxc3+ 8. bxc3 Qa5 9. Nb5 Ne4 10. Bd2 a6 11. Qc2 d5 12. f3 axb5 13. cxd5 Nxd2 14. Qxd2 exd5 15. e3 0-0 16. Be2 Be6 17. 0-0 Rfd8 18. Qb2 Qb6 19. Kf2 Ne5 20. a4 Nc4 21. Bxc4 dxc4 22. Rfd1 Rd3 23. Rxd3 cxd3 24. a5 Rxa5 25. Rd1 Ra2 26. Qxa2 Bxa2 27. Ra1 Qe6 0-1

[Event "Florianopolis op 4th"]
[Site "Florianopolis"]
[Date "2018.01.20"]
[Round "2"]
[White "Cruz, William Ferreira Da"]
[Black "Peixoto, Helio Ricardo Souti"]
[Result "1-0"]
[WhiteElo "2248"]
[BlackElo "1955"]
[PlyCount "43"]
[EventDate "2018.01.19"]
[EventType "swiss"]
[EventRounds "10"]
[EventCountry "BRA"]
[SourceTitle "CBM 182 Extra"]
[Source "ChessBase"]
[SourceDate "2018.02.23"]
[SourceVersion "1"]
[SourceVersionDate "2018.02.23"]
[SourceQuality "1"]

1. d4 Nf6 2. c4 c5 3. d5 b5 4. cxb5 a6 5. bxa6 Bxa6 6. Nc3 d6 7. e4 Bxf1 8. Kxf1 g6 9. Nf3 Bg7 10. g3 Nbd7 11. Kg2 0-0 12. a4 Qb6 13. Qe2 Rfb8 14. Bd2 Qa6 15. Nb5 Ne8 16. Bc3 Nc7 17. e5 Nxd5 18. e6 Nxc3 19. exf7+ Kxf7 20. Ng5+ Kf6 21. Qe6+ Kxg5 22. f4+ 1-0

[Event "Espirito Santo-ch"]
[Site "Guarapari"]
[Date "2017.12.??"]
[Round "3"]
[White "Peixoto, Helio Ricardo Souti"]
[Black "Carvalho, Luiz Candido Brant"]
[Result "1-0"]
[WhiteElo "1955"]
[BlackElo "1770"]
[PlyCount "157"]
[EventDate "2017.12.08"]
[EventType "tourn"]
[EventRounds "5"]
[EventCountry "BRA"]
[SourceTitle "EXT 2022"]
[Source "ChessBase"]
[SourceDate "2021.10.06"]
[SourceVersion "1"]
[SourceVersionDate "2021.10.06"]
[SourceQuality "1"]

1. e4 c5 2. Nf3 Nc6 3. d3 Nf6 4. g3 e5 5. Bh3 h6 6. c3 d5 7. Bxc8 Rxc8 8. Qe2 d4 9. c4 Qd7 10. h4 Bd6 11. Na3 a6 12. Nc2 b5 13. Na3 Rb8 14. b3 Qc7 15. Bd2 b4 16. Nc2 a5 17. Kf1 Ra8 18. Kg2 0-0 19. Nh2 Qd7 20. g4 Nh7 21. g5 Qe6 22. gxh6 f5 23. hxg7 Rf7 24. Bg5 Rxg7 25. Qh5 fxe4 26. dxe4 Be7 27. Nf3 Rf8 28. Rh3 Qf6 29. Rg3 Nxg5 30. Rxg5 Rff7 31. Qg4 Nd8 32. Nce1 Ne6 33. Nd3 Nxg5 34. hxg5 Qxf3+ 35. Qxf3 Rxf3 36. Kxf3 Rxg5 37. a3 Rh5 38. axb4 axb4 39. Ra5 Rh3+ 40. Ke2 Rh4 41. Kf3 Rh3+ 42. Ke2 Kg7 43. Ra6 Rh4 44. Kf3 Rh3+ 45. Ke2 Rh5 46. Re6 Bf6 47. Nxc5 Kf7 48. Rb6 Rh4 49. Rxb4 Be7 50. Rb7 Ke8 51. Rb8+ Kf7 52. Nd3 Rxe4+ 53. Kf3 Rh4 54. Nxe5+ Ke6 55. Ng6 Rh3+ 56. Ke2 Rc3 57. Rb5 Bf6 58. Nf4+ Kf7 59. Nd3 Rc2+ 60. Kf3 Rc3 61. Ke4 Rc2 62. Ne5+ Bxe5 63. Kxe5 d3 64. Rd5 Re2+ 65. Kf4 Rxf2+ 66. Ke3 Rh2 67. Rxd3 Rh4 68. Kd2 Rh2+ 69. Kc3 Ke6 70. Kb4 Rh8 71. c5 Rb8+ 72. Kc4 Ke7 73. b4 Ra8 74. c6 Ke6 75. Kc5 Ke7 76. b5 Ke6 77. c7 Ke7 78. Kc6 Ra1 79. Kb7 1-0

[Event "Rio de Janeiro Duchamp op U2200"]
[Site "Rio de Janeiro"]
[Date "2017.11.18"]
[Round "5"]
[White "Peixoto, Helio Ricardo Souti"]
[Black "Ramos, Angelo Bil"]
[Result "0-1"]
[WhiteElo "1936"]
[BlackElo "1994"]
[PlyCount "66"]
[EventDate "2017.11.11"]
[EventType "swiss"]
[EventRounds "5"]
[EventCountry "BRA"]
[SourceTitle "EXT 2019"]
[Source "ChessBase"]
[SourceDate "2018.10.10"]
[SourceVersion "1"]
[SourceVersionDate "2018.10.10"]
[SourceQuality "1"]

1. Nf3 Nf6 2. d3 d6 3. g3 b6 4. Bg2 Bb7 5. e4 Nbd7 6. c3 g6 7. Nbd2 Bg7 8. 0-0 0-0 9. Re1 e5 10. Nc4 Re8 11. Ne3 c6 12. b4 b5 13. Nh4 d5 14. Ng4 Nxg4 15. Qxg4 Nf6 16. Qe2 Qc7 17. Be3 a6 18. Rad1 Rad8 19. f4 dxe4 20. dxe4 Rxd1 21. Rxd1 c5 22. Bxc5 exf4 23. Bd6 Qxc3 24. Bxf4 Qxb4 25. e5 Bxg2 26. Kxg2 Qe4+ 27. Qxe4 Nxe4 28. Nf3 h6 29. h4 Rc8 30. Rd4 Rc2+ 31. Kg1 Nc3 32. Rd8+ Kh7 33. Rc8 Nd5 0-1

[Event "Rio de Janeiro Duchamp op U2200"]
[Site "Rio de Janeiro"]
[Date "2017.11.17"]
[Round "4"]
[White "Leao, Flavio Sanchez"]
[Black "Peixoto, Helio Ricardo Souti"]
[Result "0-1"]
[WhiteElo "1816"]
[BlackElo "1936"]
[PlyCount "101"]
[EventDate "2017.11.11"]
[EventType "swiss"]
[EventRounds "5"]
[EventCountry "BRA"]
[SourceTitle "EXT 2019"]
[Source "ChessBase"]
[SourceDate "2018.10.10"]
[SourceVersion "1"]
[SourceVersionDate "2018.10.10"]
[SourceQuality "1"]

1. e4 c5 2. Nf3 d6 3. d4 cxd4 4. Nxd4 Nf6 5. Nc3 a6 6. Be2 e5 7. Nb3 Be6 8. Bg5 Nbd7 9. Nd5 Bxd5 10. exd5 b5 11. 0-0 Be7 12. a4 b4 13. a5 Qc7 14. Qd2 0-0 15. Qxb4 Nxd5 16. Qd2 Bxg5 17. Qxd5 Be7 18. Bf3 Nf6 19. Qc6 Qxc6 20. Bxc6 Rac8 21. Bb7 Rxc2 22. Bxa6 Rxb2 23. Rfb1 Rxb1+ 24. Rxb1 Rb8 25. Be2 d5 26. a6 Ne4 27. a7 Ra8 28. Na5 Bd6 29. Nc6 Nc3 30. Rb2 Nxe2+ 31. Rxe2 d4 32. Rb2 d3 33. Kf1 f5 34. Rb7 e4 35. Rd7 Bc5 36. Rb7 Bxa7 37. Nxa7 h6 38. Ke1 Kh7 39. Kd2 Kg6 40. f3 Re8 41. fxe4 fxe4 42. Rb1 Ra8 43. Ra1 Rb8 44. Ra2 Rb1 45. Nc6 Rh1 46. h3 Kf5 47. Nd4+ Ke5 48. Nc6+ Kf4 49. Ra7 g5 50. Ra2 Rg1 51. Nd4 0-1

[Event "Rio de Janeiro Duchamp op"]
[Site "Rio de Janeiro"]
[Date "2017.11.16"]
[Round "7"]
[White "Peixoto, Helio Ricardo Souti"]
[Black "Toth, Peter"]
[Result "0-1"]
[WhiteElo "1936"]
[BlackElo "2091"]
[PlyCount "70"]
[EventDate "2017.11.11"]
[EventType "swiss"]
[EventRounds "9"]
[EventCountry "BRA"]
[SourceTitle "CBM 181 Extra"]
[Source "ChessBase"]
[SourceDate "2017.12.12"]
[SourceVersion "1"]
[SourceVersionDate "2017.12.12"]
[SourceQuality "1"]

1. Nf3 c5 2. e4 Nc6 3. d3 g6 4. g3 Bg7 5. Bg2 d6 6. 0-0 Rb8 7. c3 e5 8. Be3 Nf6 9. d4 Nxe4 10. dxe5 d5 11. Nbd2 Nxd2 12. Qxd2 b6 13. Bg5 Ne7 14. Rfe1 Be6 15. Bf1 0-0 16. Qf4 Qd7 17. a4 Qb7 18. g4 Kh8 19. Bf6 Ng8 20. g5 Qc7 21. h4 h5 22. Bd3 Kh7 23. Qg3 Rfe8 24. Bb5 Bd7 25. Bxd7 Qxd7 26. Bxg7 Kxg7 27. e6 fxe6 28. Ne5 Qc7 29. b4 Ne7 30. Qd3 Nf5 31. b5 Nxh4 32. Qh3 Nf5 33. Nc6 Rb7 34. a5 Qf4 35. Qg2 Nh4 0-1

[Event "Rio de Janeiro Duchamp op U2200"]
[Site "Rio de Janeiro"]
[Date "2017.11.15"]
[Round "2"]
[White "Peixoto, Helio Ricardo Souti"]
[Black "Bueno, Alfeu Varela Jr"]
[Result "0-1"]
[WhiteElo "1936"]
[BlackElo "2186"]
[PlyCount "42"]
[EventDate "2017.11.11"]
[EventType "swiss"]
[EventRounds "5"]
[EventCountry "BRA"]
[SourceTitle "EXT 2019"]
[Source "ChessBase"]
[SourceDate "2018.10.10"]
[SourceVersion "1"]
[SourceVersionDate "2018.10.10"]
[SourceQuality "1"]

1. e4 e6 2. d3 d5 3. Nd2 Nf6 4. Ngf3 dxe4 5. dxe4 Bc5 6. Bc4 e5 7. 0-0 Qe7 8. h3 Nc6 9. c3 Bd7 10. Qe2 Nh5 11. Kh2 Nf4 12. Qe1 g5 13. b4 Bd6 14. Nb3 h5 15. b5 Nd8 16. Bxf4 gxf4 17. Ng1 Ne6 18. Bxe6 Qxe6 19. Qe2 0-0-0 20. c4 Rdg8 21. c5 Qg6 0-1

[Event "Rio de Janeiro Duchamp op U2200"]
[Site "Rio de Janeiro"]
[Date "2017.11.11"]
[Round "1"]
[White "Lebredo Zaragoitia, Gerardo"]
[Black "Peixoto, Helio Ricardo Souti"]
[Result "1/2-1/2"]
[WhiteElo "2164"]
[BlackElo "1936"]
[PlyCount "77"]
[EventDate "2017.11.11"]
[EventType "swiss"]
[EventRounds "5"]
[EventCountry "BRA"]
[SourceTitle "EXT 2019"]
[Source "ChessBase"]
[SourceDate "2018.10.10"]
[SourceVersion "1"]
[SourceVersionDate "2018.10.10"]
[SourceQuality "1"]

1. d4 Nf6 2. c4 g6 3. Nc3 c5 4. d5 d6 5. Nf3 Bg7 6. Bg5 0-0 7. Nd2 Re8 8. e4 e6 9. Be2 exd5 10. cxd5 a6 11. a4 Qb6 12. Nc4 Qc7 13. Qc2 Nbd7 14. Bf4 Ne5 15. Bxe5 dxe5 16. 0-0 Rd8 17. a5 Ne8 18. Nb6 Rb8 19. Nca4 f5 20. Nxc8 Rbxc8 21. Nb6 Nd6 22. Nxc8 Rxc8 23. f3 Bh6 24. Ra3 Qd8 25. Bc4 Qh4 26. g3 Qe7 27. Rb3 Kh8 28. Qe2 Rc7 29. Rb6 Be3+ 30. Qxe3 Nxc4 31. d6 Nxe3 32. dxe7 Rxe7 33. Rc1 c4 34. Kf2 f4 35. b3 c3 36. Rd6 c2 37. gxf4 exf4 38. Rd3 Rc7 39. Ke2 1/2-1/2

[Event "BRA-ch Amateur U2000"]
[Site "Sao Paulo"]
[Date "2017.10.15"]
[Round "7"]
[White "Cardoso, Marcio de Lucca"]
[Black "Peixoto, Helio Ricardo Souti"]
[Result "1-0"]
[WhiteElo "1864"]
[BlackElo "1953"]
[PlyCount "71"]
[EventDate "2017.10.12"]
[EventType "swiss"]
[EventRounds "7"]
[EventCountry "BRA"]
[SourceTitle "EXT 2019"]
[Source "ChessBase"]
[SourceDate "2018.10.10"]
[SourceVersion "1"]
[SourceVersionDate "2018.10.10"]
[SourceQuality "1"]

1. d4 Nf6 2. Nf3 g6 3. Bf4 d6 4. e3 Bg7 5. Be2 0-0 6. h3 Nbd7 7. 0-0 b6 8. Nbd2 Bb7 9. c3 Nh5 10. Bh2 c5 11. Ng5 e5 12. Nge4 Bxe4 13. Nxe4 d5 14. Nd2 exd4 15. exd4 Nhf6 16. Nf3 c4 17. Ne1 b5 18. Nc2 Nb6 19. Ne3 Re8 20. Bf3 Ne4 21. Qc2 f5 22. Bxe4 fxe4 23. Ng4 Nd7 24. a4 a6 25. axb5 axb5 26. Qd2 Qe7 27. Qf4 h5 28. Ne3 Nb6 29. Qc7 Qe6 30. Qb7 b4 31. Bc7 bxc3 32. bxc3 Na4 33. Nxd5 Qd7 34. Rfb1 Rac8 35. Ba5 Qe6 36. Ne3 1-0

[Event "Caioba Telecom op"]
[Site "Caioba"]
[Date "2017.10.01"]
[Round "7"]
[White "Peixoto, Helio Ricardo Souti"]
[Black "Mainardes, Christian Junior"]
[Result "1/2-1/2"]
[WhiteElo "1981"]
[BlackElo "1732"]
[PlyCount "90"]
[EventDate "2017.09.28"]
[EventType "swiss"]
[EventRounds "8"]
[EventCountry "BRA"]
[SourceTitle "EXT 2020"]
[Source "ChessBase"]
[SourceDate "2019.10.17"]
[SourceVersion "1"]
[SourceVersionDate "2019.10.17"]
[SourceQuality "1"]

1. Nf3 Nc6 2. d3 d5 3. Nbd2 e5 4. c4 d4 5. a3 a5 6. b3 Bd6 7. g3 Nge7 8. Bg2 Ng6 9. 0-0 0-0 10. Qc2 f5 11. c5 Be7 12. Qc4+ Kh8 13. Bb2 Bf6 14. b4 Bd7 15. b5 Nce7 16. a4 c6 17. e3 dxe3 18. fxe3 Qc8 19. e4 Be6 20. Qc3 f4 21. Nc4 Bxc4 22. Qxc4 fxg3 23. hxg3 Qd7 24. Kh2 Rfd8 25. Rad1 Rab8 26. Bh3 Qe8 27. b6 Qg8 28. Be6 Qe8 29. Kg2 Ng8 30. Rh1 Nh6 31. Bc1 Qe7 32. Bxh6 gxh6 33. Rxh6 Bg7 34. Rh5 h6 35. Bf5 Qf6 36. Ng5 Rf8 37. Ne6 Ne7 38. Nxf8 Rxf8 39. g4 Ng6 40. Rf1 Nf4+ 41. Rxf4 exf4 42. Kf3 Qa1 43. Kxf4 Be5+ 44. Kf3 Qf1+ 45. Ke3 Qe1+ 1/2-1/2

[Event "Caioba Telecom op"]
[Site "Caioba"]
[Date "2017.09.30"]
[Round "5"]
[White "Peixoto, Helio Ricardo Souti"]
[Black "Dias, Anderson Tatsch"]
[Result "1/2-1/2"]
[WhiteElo "1981"]
[BlackElo "2192"]
[PlyCount "77"]
[EventDate "2017.09.28"]
[EventType "swiss"]
[EventRounds "8"]
[EventCountry "BRA"]
[SourceTitle "EXT 2018"]
[Source "ChessBase"]
[SourceDate "2017.10.13"]
[SourceVersion "1"]
[SourceVersionDate "2017.10.13"]
[SourceQuality "1"]

1. e4 c5 2. Nf3 e6 3. d3 Nc6 4. g3 d5 5. Nbd2 Nf6 6. Bg2 Be7 7. 0-0 0-0 8. Re1 b5 9. e5 Nd7 10. Nf1 a5 11. h4 a4 12. a3 b4 13. Bf4 bxa3 14. bxa3 Nd4 15. Ne3 Ba6 16. Ng5 h6 17. Qh5 hxg5 18. hxg5 Nxe5 19. Bxe5 Bxg5 20. f4 Be7 21. Kf2 f5 22. Rh1 Bf6 23. Qg6 Qe8 24. Qh7+ Kf7 25. Bxf6 Kxf6 26. Qh4+ Kf7 27. Qh5+ Ke7 28. Qg5+ Kd6 29. Qxg7 Nc6 30. Nxd5 Qf7 31. Qxf7 Rxf7 32. Nb6 Raa7 33. Bxc6 Kxc6 34. Nxa4 Bxd3 35. cxd3 Rxa4 36. Rh6 Re7 37. Ke3 Kd5 38. Rh8 Rea7 39. Rd8+ 1/2-1/2

[Event "Guarapari op"]
[Site "Guarapari"]
[Date "2017.09.08"]
[Round "2"]
[White "Peixoto, Helio Ricardo Souti"]
[Black "Souza Filho, Namyr Carlos"]
[Result "0-1"]
[WhiteElo "1981"]
[BlackElo "2099"]
[PlyCount "116"]
[EventDate "2017.09.07"]
[EventType "swiss"]
[EventRounds "6"]
[EventCountry "BRA"]
[SourceTitle "CBM 180 Extra"]
[Source "ChessBase"]
[SourceDate "2017.10.06"]
[SourceVersion "1"]
[SourceVersionDate "2017.10.06"]
[SourceQuality "1"]

1. e4 d6 2. Nf3 Nf6 3. d3 e5 4. g3 Be7 5. Bg2 0-0 6. 0-0 Nc6 7. c3 Be6 8. d4 exd4 9. cxd4 d5 10. e5 Ne4 11. Nc3 Qd7 12. Be3 Rad8 13. Ne1 Na5 14. Nxe4 dxe4 15. Bxe4 c5 16. Nc2 cxd4 17. Nxd4 Bc5 18. Bxh7+ Kh8 19. Nxe6 Qxe6 20. Qh5 Bxe3 21. fxe3 Qh6 22. Qxh6 gxh6 23. Be4 Kg7 24. Rf5 Nc4 25. Re1 Rfe8 26. Bxb7 Nxb2 27. Ba6 Re6 28. Be2 Rd2 29. Bh5 Re7 30. Ref1 Rdd7 31. R1f4 Nd3 32. Rg4+ Kh7 33. Rd4 Kg7 34. Kg2 Nc5 35. Kf3 Rc7 36. Rg4+ Kh7 37. Rc4 Kg7 38. Ke2 Kg8 39. h4 Kg7 40. Rg4+ Kh7 41. Rc4 Kg7 42. g4 Ne6 43. Rxc7 Rxc7 44. Kd3 Rd7+ 45. Kc4 Nd8 46. Rf6 Rc7+ 47. Kd5 Rc3 48. e4 Rd3+ 49. Kc5 Rd2 50. Rd6 Nb7+ 51. Kc6 Nxd6 52. exd6 Kf6 53. g5+ Ke5 54. d7 hxg5 55. hxg5 Ke6 56. Bg4+ Ke7 57. a4 Rd4 58. Bf5 Rxa4 0-1

[Event "Sao Bento do Sul U2050 2nd"]
[Site "Sao Bento do Sul"]
[Date "2016.09.16"]
[Round "1.10"]
[White "Gomes, Sofia Leticia Pinz"]
[Black "Peixoto, Helio Ricardo Souti"]
[Result "0-1"]
[WhiteElo "1452"]
[BlackElo "1940"]
[PlyCount "68"]
[EventDate "2016.09.16"]
[EventType "swiss"]
[EventRounds "7"]
[EventCountry "BRA"]
[SourceTitle "EXT 2022"]
[Source "ChessBase"]
[SourceDate "2021.10.06"]
[SourceVersion "1"]
[SourceVersionDate "2021.10.06"]
[SourceQuality "1"]

1. e4 c5 2. Nf3 d6 3. d4 cxd4 4. Nxd4 Nf6 5. Nc3 a6 6. Be2 e5 7. Nb3 Be6 8. 0-0 Nbd7 9. Bg5 Be7 10. Kh1 b5 11. Bd3 b4 12. Ne2 Nc5 13. Nxc5 dxc5 14. f4 c4 15. fxe5 Ng4 16. Nf4 Ne3 17. Nxe6 Nxd1 18. Nxd8 Bxg5 19. Nxf7 cxd3 20. Nd6+ Kd7 21. Raxd1 dxc2 22. Nf5+ cxd1Q 23. Rxd1+ Kc6 24. Rd6+ Kb5 25. Nd4+ Kc4 26. b3+ Kc3 27. Ne2+ Kb2 28. h4 Bxh4 29. Rd2+ Kb1 30. Nd4 Rhd8 31. Rd1+ Kxa2 32. Rd2+ Kb1 33. Rd1+ Kb2 34. Rd2+ Kc3 0-1

[Event "BRA-ch Amateur U2000"]
[Site "Sao Paulo"]
[Date "2016.05.28"]
[Round "6"]
[White "Peixoto, Helio Ricardo Souti"]
[Black "Bail, Ellen Larissa"]
[Result "1-0"]
[WhiteElo "1913"]
[BlackElo "1851"]
[PlyCount "39"]
[EventDate "2016.05.26"]
[EventType "swiss"]
[EventRounds "7"]
[EventCountry "BRA"]
[SourceTitle "EXT 2019"]
[Source "ChessBase"]
[SourceDate "2018.10.10"]
[SourceVersion "1"]
[SourceVersionDate "2018.10.10"]
[SourceQuality "1"]

1. e4 c5 2. Nf3 d6 3. d4 cxd4 4. Nxd4 Nf6 5. Nc3 g6 6. Be3 Bg7 7. f3 Nbd7 8. Bc4 Ne5 9. Bb3 Bd7 10. Qd2 h5 11. 0-0-0 Rc8 12. Kb1 a6 13. h3 b5 14. g4 Nc4 15. Bxc4 bxc4 16. g5 Nh7 17. f4 0-0 18. f5 Bc6 19. fxg6 fxg6 20. Nxc6 1-0

[Event "Maravilhosa-ch op"]
[Site "Maravilhosa"]
[Date "2016.01.24"]
[Round "6"]
[White "Ramos, Angelo Bil"]
[Black "Peixoto, Helio Ricardo Souti"]
[Result "1-0"]
[WhiteElo "1963"]
[BlackElo "1895"]
[PlyCount "99"]
[EventDate "2016.01.22"]
[EventType "swiss"]
[EventRounds "6"]
[EventCountry "BRA"]
[SourceTitle "CBM 170 Extra"]
[Source "ChessBase"]
[SourceDate "2016.02.25"]
[SourceVersion "1"]
[SourceVersionDate "2016.02.25"]
[SourceQuality "1"]

1. d4 Nf6 2. c4 c5 3. d5 b5 4. cxb5 a6 5. f3 d6 6. e4 Bd7 7. Nc3 axb5 8. Nxb5 g6 9. Bd2 Bg7 10. Bc3 0-0 11. a4 Na6 12. Bc4 Qb6 13. Ne2 Ne8 14. Qd2 Nec7 15. Bxg7 Kxg7 16. Nxc7 Qxc7 17. 0-0 Nb4 18. b3 Bc8 19. Rfc1 Ba6 20. Bxa6 Nxa6 21. b4 Qb6 22. b5 Nb4 23. Qc3+ Kg8 24. Qc4 Ra5 25. Nc3 Rfa8 26. Kf1 Qa7 27. Ke2 Qd7 28. g4 h5 29. h3 hxg4 30. hxg4 Kg7 31. Kd2 e5 32. Rh1 Qd8 33. Qe2 Qg5+ 34. Kd1 Qf4 35. Rh3 Kf6 36. Qd2 c4 37. Qxf4+ exf4 38. Kd2 Nd3 39. Rhh1 Nc5 40. Rab1 Nxa4 41. Nxa4 Rxa4 42. Rhc1 Ke5 43. Kc3 Ra3+ 44. Kxc4 Rxf3 45. b6 Kxe4 46. Kb5 Kxd5 47. b7 Rb8 48. Kb6 Re3 49. Rc8 Re8 50. Rd1+ 1-0

[Event "Pan American Amateur-ch"]
[Site "Curitiba"]
[Date "2015.12.20"]
[Round "9"]
[White "De Moraes, Maurino Anastacio"]
[Black "Peixoto, Helio Ricardo Souti"]
[Result "0-1"]
[WhiteElo "1641"]
[BlackElo "1929"]
[PlyCount "52"]
[EventDate "2015.12.16"]
[EventType "swiss"]
[EventRounds "9"]
[EventCountry "BRA"]
[SourceTitle "CBM 170 Extra"]
[Source "ChessBase"]
[SourceDate "2016.02.25"]
[SourceVersion "1"]
[SourceVersionDate "2016.02.25"]
[SourceQuality "1"]

1. b4 e5 2. a3 d5 3. Bb2 Bd6 4. Nf3 f6 5. e3 Bg4 6. h3 Bh5 7. Be2 Ne7 8. Nc3 c6 9. Rc1 Nd7 10. Nh2 Bg6 11. Bh5 Rc8 12. Bxg6+ Nxg6 13. Ne2 0-0 14. c4 Bb8 15. Ng3 e4 16. Qb3 Nde5 17. 0-0 Nd3 18. Rc2 Nxb2 19. Rxb2 Qd6 20. Rc1 f5 21. Nhf1 Ne5 22. c5 Qg6 23. Rbc2 Nd3 24. Rb1 f4 25. exf4 Rxf4 26. b5 Rxf2 0-1